Kadengodlu Sahitya I: Kadengodlu Shankarabhatta Samagra Kavya Samputa (Record no. 114869)
[ view plain ]
| 000 -LEADER | |
|---|---|
| fixed length control field | 01070nam a2200217Ia 4500 |
| 003 - CONTROL NUMBER IDENTIFIER | |
| control field | OSt |
| 005 - DATE AND TIME OF LATEST TRANSACTION | |
| control field | 20250123163344.0 |
| 008 - FIXED-LENGTH DATA ELEMENTS--GENERAL INFORMATION | |
| fixed length control field | 210210b2003 xxu||||| |||| 00| 0 eng d |
| 020 ## - INTERNATIONAL STANDARD BOOK NUMBER | |
| International Standard Book Number | 81 86668 45 4 |
| 040 ## - CATALOGING SOURCE | |
| Transcribing agency | AL |
| 041 ## - LANGUAGE CODE | |
| Language code of text/sound track or separate title | Kannada |
| 082 ## - DEWEY DECIMAL CLASSIFICATION NUMBER | |
| Classification number | K894.8 KADK |
| 100 ## - MAIN ENTRY--PERSONAL NAME | |
| Personal name | KADENGODLU SHANKARABHATTA JANMA SHATAMANOTSAVA SAMITI |
| 9 (RLIN) | 195009 |
| Dates associated with a name | ಕಡೆಂಗೋಡ್ಲು ಶಂಕರಭಟ್ಟ ಜನ್ಮ ಶತಮಾನೋತ್ಸವ ಸಮಿತಿ |
| 245 ## - TITLE STATEMENT | |
| Title | Kadengodlu Sahitya I: Kadengodlu Shankarabhatta Samagra Kavya Samputa |
| Remainder of title | ಕಡೆಂಗೋಡ್ಲುಸಾಹಿತ್ಯ ೧: ಕಡೆಂಗೋಡ್ಲು ಶಂಕರಭಟ್ಟ ಸಮಗ್ರ ಕಾವ್ಯ ಸಂಪುಟ |
| 260 ## - PUBLICATION, DISTRIBUTION, ETC. | |
| Place of publication, distribution, etc. | Udupi |
| Name of publisher, distributor, etc. | Rashtrakavi Govinda Pai Samshodhana Kendra |
| Date of publication, distribution, etc. | 2003 |
| 300 ## - PHYSICAL DESCRIPTION | |
| Extent | xiv,573 |
| 650 ## - SUBJECT ADDED ENTRY--TOPICAL TERM | |
| Topical term or geographic name entry element | Ghoshayatre gandhi sandesha vastrapaharana kanike hannu kai patrapushpa padenudi nalme honniya maduve madriya chite murlinada hennu bhutalapandya |
| 9 (RLIN) | 195010 |
| 690 ## - LOCAL SUBJECT ADDED ENTRY--TOPICAL TERM (OCLC, RLIN) | |
| Topical term or geographic name as entry element | Kannada Miscellaneous |
| 9 (RLIN) | 195011 |
| 906 ## - LOCAL DATA ELEMENT F, LDF (RLIN) | |
| a | SG04149 |
| 942 ## - ADDED ENTRY ELEMENTS (KOHA) | |
| Source of classification or shelving scheme | Dewey Decimal Classification |
| Koha item type | Book |
| Withdrawn status | Lost status | Source of classification or shelving scheme | Damaged status | Not for loan | Collection code | Home library | Current library | Date acquired | Source of acquisition | Cost, normal purchase price | Total Checkouts | Full call number | Barcode | Date last seen | Date last checked out | Price effective from | Koha item type |
|---|---|---|---|---|---|---|---|---|---|---|---|---|---|---|---|---|---|
| Dewey Decimal Classification | Kannada | St Aloysius Library | St Aloysius Library | 02/17/2021 | Rastrakavi Govinda Pai Samshodhana kendra | 0.00 | 1 | K894.8 KADK | SG04149 | 02/25/2026 | 02/21/2026 | 02/17/2021 | Special Grants |